[Event "IBCA-ol blind 15th"]
[Site "Ohrid"]
[Date "2017.06.19"]
[Round "1.1"]
[White "Van Loy, Rick"]
[Black "Nikac, Predrag"]
[Result "0-1"]
[WhiteElo "1897"]
[BlackElo "2308"]
[PlyCount "62"]
[EventDate "2017.06.19"]
[EventType "team-swiss"]
[EventRounds "9"]
[EventCountry "MKD"]
[SourceTitle "CBM 179 Extra"]
[Source "ChessBase"]
[SourceDate "2017.08.23"]
[SourceVersion "1"]
[SourceVersionDate "2017.08.23"]
[SourceQuality "1"]
[WhiteTeam "Netherlands"]
[BlackTeam "Montenegro"]
[WhiteTeamCountry "NED"]
[BlackTeamCountry "MNE"]

1. e4 c5 2. Nf3 Nc6 3. d4 cxd4 4. Nxd4 e5 5. Nb5 d6 6. c4 Nf6 7. N1c3 a6 8. Na3 Be6 9. Be2 Be7 10. Be3 Rc8 11. 0-0 0-0 12. Qd2 Kh8 13. Nc2 Na5 14. b3 b5 15. f3 bxc4 16. b4 Nc6 17. a4 d5 18. exd5 Nxd5 19. Nxd5 Qxd5 20. Qc3 a5 21. b5 Bb4 22. Qb2 c3 23. Qc1 Nd4 24. Bxd4 exd4 25. Bd3 Rfe8 26. Qf4 Be7 27. Rfe1 Bf6 28. Re4 Red8 29. Rae1 Bf5 30. Re5 Qxe5 31. Rxe5 Bxd3 0-1

[Event "Bruges Masters op"]
[Site "Bruges"]
[Date "2016.08.14"]
[Round "2"]
[White "Geirnaert, Steven"]
[Black "Van Loy, Rick"]
[Result "1-0"]
[WhiteElo "2418"]
[BlackElo "1899"]
[PlyCount "71"]
[EventDate "2016.08.14"]
[EventType "swiss"]
[EventRounds "9"]
[EventCountry "BEL"]
[SourceTitle "CBM 173 Extra"]
[Source "ChessBase"]
[SourceDate "2016.08.29"]
[SourceVersion "1"]
[SourceVersionDate "2016.08.29"]
[SourceQuality "1"]

1. d4 Nf6 2. c4 g6 3. f3 Bg7 4. e4 d6 5. Nc3 0-0 6. Nge2 c6 7. Be3 Nbd7 8. Qd2 a6 9. c5 b5 10. cxd6 exd6 11. Nf4 Bb7 12. Be2 Qe7 13. 0-0 Rfd8 14. Rad1 Rac8 15. Rfe1 c5 16. dxc5 Nxc5 17. Bf1 b4 18. Ncd5 Bxd5 19. exd5 Qb7 20. b3 Nfd7 21. Bd4 Ne5 22. h4 Qe7 23. Qxb4 Qxh4 24. Bf2 Qg5 25. Nh3 Qf5 26. Qd2 Qxh3 27. Rxe5 Qd7 28. Ree1 Qf5 29. Rc1 h5 30. b4 Nd7 31. Bxa6 Rxc1 32. Rxc1 Ne5 33. Be2 Kh7 34. Qc2 Qf4 35. Rb1 h4 36. Qe4 1-0

[Event "Marianske Lazne op"]
[Site "Marianske Lazne"]
[Date "2011.01.16"]
[Round "2"]
[White "Van Loy, Rick"]
[Black "Chudinovskih, Alexander N"]
[Result "0-1"]
[WhiteElo "2033"]
[BlackElo "2286"]
[PlyCount "62"]
[EventDate "2011.01.15"]
[EventType "swiss"]
[EventRounds "9"]
[EventCountry "CZE"]
[SourceTitle "CBM 140 Extra"]
[Source "ChessBase"]
[SourceDate "2011.03.01"]
[SourceVersion "1"]
[SourceVersionDate "2011.03.01"]
[SourceQuality "1"]

1. e4 e5 2. Nf3 Nc6 3. d4 exd4 4. Nxd4 Nf6 5. Nxc6 bxc6 6. e5 Qe7 7. Qe2 Nd5 8. c4 Ba6 9. b3 g6 10. Bb2 Bg7 11. g3 0-0-0 12. Bg2 Rhe8 13. 0-0 Bxe5 14. Bxe5 Qxe5 15. Qxe5 Rxe5 16. cxd5 Bxf1 17. Kxf1 cxd5 18. Nc3 c6 19. Rc1 Kb7 20. b4 Kb6 21. Na4+ Kb5 22. Nc5 Re7 23. a3 Rde8 24. Bf3 f5 25. Nd3 Kb6 26. a4 a6 27. h4 h6 28. g4 fxg4 29. Bxg4 a5 30. bxa5+ Kxa5 31. Nc5 d6 0-1

[Event "Haarlem Nova College op"]
[Site "Haarlem"]
[Date "2006.07.08"]
[Round "4"]
[White "Van der Maat, Niek"]
[Black "Van Loy, Rick"]
[Result "0-1"]
[WhiteElo "1828"]
[BlackElo "1993"]
[PlyCount "100"]
[EventDate "2006.07.07"]
[EventType "swiss"]
[EventRounds "6"]
[EventCountry "NED"]
[SourceTitle "CBM 113 Extra"]
[Source "ChessBase"]
[SourceDate "2006.09.14"]
[SourceVersion "1"]
[SourceVersionDate "2006.09.14"]
[SourceQuality "1"]

1. d4 d5 2. Nf3 Nf6 3. c4 e6 4. Bg5 Nbd7 5. e3 c6 6. Be2 Qa5+ 7. Nbd2 Ne4 8. 0-0 f5 9. cxd5 exd5 10. Nb3 Qc7 11. Bf4 Bd6 12. Bxd6 Qxd6 13. Nc1 f4 14. exf4 Qxf4 15. Nd3 Qd6 16. Rc1 0-0 17. a3 Qe7 18. b4 Nd6 19. Nde5 Nf7 20. Nxf7 Rxf7 21. Bd3 Nf8 22. Re1 Qd8 23. Ne5 Rf6 24. Qc2 Qb6 25. Nf3 Rxf3 26. gxf3 Qxd4 27. Qc3 Qf4 28. Qe5 Qxf3 29. Re3 Qf7 30. Rce1 Be6 31. Rg3 Re8 32. Ree3 Bd7 33. Qd4 Rxe3 34. Rxe3 b6 35. Qe5 c5 36. bxc5 bxc5 37. Qd6 c4 38. Re7 Qf3 39. Be2 Qf5 40. h3 Qg5+ 41. Kh2 Qf5 42. Qg3 Qf6 43. Re5 Be6 44. Bg4 d4 45. Bxe6+ Nxe6 46. Rb5 Qf4 47. Rb8+ Kf7 48. Rb7+ Kf6 49. Rxa7 Qxg3+ 50. Kxg3 c3 0-1

[Event "Ghent 23rd"]
[Site "Ghent"]
[Date "2000.07.17"]
[Round "6"]
[White "Werbeck, Torsten"]
[Black "Van Loy, Rick"]
[Result "0-1"]
[WhiteElo "2256"]
[BlackElo "1938"]
[PlyCount "46"]
[EventDate "2000.07.15"]
[EventType "swiss"]
[EventRounds "9"]
[EventCountry "BEL"]
[SourceTitle "EXT 2006"]
[Source "ChessBase"]
[SourceDate "2005.11.24"]
[SourceVersion "1"]
[SourceVersionDate "2005.11.24"]
[SourceQuality "1"]

1. d4 Nf6 2. Nf3 e6 3. c4 b6 4. g3 Bb7 5. Bg2 Be7 6. 0-0 0-0 7. d5 exd5 8. Nh4 c6 9. cxd5 Nxd5 10. Nf5 Bf6 11. e4 Nc7 12. Nd6 Ba6 13. Re1 Be5 14. f4 Bxd6 15. Qxd6 Nb5 16. Qd1 c5 17. e5 Nc6 18. Qh5 g6 19. Qh6 Nbd4 20. Be4 d5 21. exd6 Qxd6 22. Nc3 Rae8 23. f5 Nf3+ 0-1